| 000 | 00548nam a2200181 a 4500 | ||
|---|---|---|---|
| 005 | 20210219160457.0 | ||
| 008 | 081109s2000 mx r 000 0 spa d | ||
| 035 | _aUPN01000166369 | ||
| 049 | _aUNE | ||
| 080 | _aOC 37 (100) =20 "1958" INN Vol.20. | ||
| 245 | 0 | 0 | _aInternational yearbbok of education, Vol. XX, 1958. |
| 260 | _aGeneva: IBE; Paris: UNESCO, 1958. | ||
| 300 | _a432 p. | ||
| 440 | 0 | _aIBE publication; 202 | |
| 690 | _aSistemas educacionales- Anuarios | ||
| 710 | 2 | _aOIE. Oficina Internacional de Educación | |
| 905 | _aUNESCO | ||
| 999 |
_c138480 _d138480 |
||